000 00379nam a2200157Ia 4500
008 230917s9999||||xx |||||||||||||| ||und||
020 _cRS350
040 _e23870
_aMAIN
041 _aEnglish
082 _a784 H876A
100 _aHukam Chand
245 0 _aAdhunik kal mein shastriya sangeet
260 _aDelhi
_bEastern book linkers
_c1998
300 _a231 p.
942 _cBK
999 _c91852
_d91852